Asia General Knowledge by Picture - Statistics

General Stats
  • This quiz has been taken 155 times
    141 since last reset
  • The average score is 13 of 20
Answer Stats
Picture Hint Answer % Correct
Animal Giant Panda
98%
Mythical animal Dragon
95%
Landmark Great Wall of China
94%
Car Toyota
94%
Mountain Mt. {Everest}
91%
Mount Mt. {Fuji}
91%
Landmark Taj Mahal
90%
Country China
82%
City Hong Kong
79%
Country Cyprus
71%
Country Singapore
70%
Mountain Range Himalayas
61%
Body of water {Caspian} Sea
57%
Country Turkey
54%
Religion Shinto
46%
City Kyoto
44%
City Jerusalem
43%
Chinese invention Porcelain
31%
City Xi'an
22%
City (former capital) Lhasa
18%
No matching quizzes found
Score Distribution
Percent of People with Each Score
Percentile by Number Answered
Your Score History
You have not taken this quiz since the last reset